Los caprichos de Mariana

Wedi'i Gadw mewn:
Manylion Llyfryddiaeth
Prif Awdur: Musset, Alfred de
Fformat: Llyfr
Iaith:Spanish
Cyhoeddwyd: México, Distrito Federal Ediciones Quetzal 1942
Pynciau:
Tagiau: Ychwanegu Tag
Dim Tagiau, Byddwch y cyntaf i dagio'r cofnod hwn!

MARC

LEADER 00000nam a2200000Ia 4500
008 170316s9999 xx 000 0 spa d
040 |a cru BVZT 
090 |a 840 M-29co 
100 |a Musset, Alfred de 
245 |a Los caprichos de Mariana 
260 |a México, Distrito Federal 
260 |b Ediciones Quetzal 
260 |c 1942 
300 |a 135 páginas 
650 |a LITERATURA FRANCESA 
999 |c 7846  |d 7846 
942 |c 15 D  |h 840 M-29co  |2 z